Indonesia,a travel survival kit

Bibliographic Details
Main Author: Bruce, Ginny
Format: Book
Published: Australia : Louley Planet Publications , 1986
Subjects:

MARC

LEADER 00000cam a2200000 7i4500
001 0000005992
002 000006471
005 .0
020 |a 0908086814 
090 0 0 |a 915.980438   |b BRU 
100 1 |a Bruce, Ginny 
245 1 0 |a Indonesia,a travel survival kit   |c Ginny Bruce 
260 |a Australia :   |b Louley Planet Publications ,   |c 1986 
300 |a 768p. ;   |c 18cm. 
650 0 0 |a Indonesia   |x Description and travel 
999 |a 037817   |b BUKU   |c PINJAMAN   |e PERPUSTAKAAN KOMUNITI PETALING JAYA